Metal forming : (Record no. 76197)

MARC details
000 -LEADER
fixed length control field 00729nam a22002177a 4500
005 - DATE AND TIME OF LATEST TRANSACTION
control field 20130529155431.0
010 ## - LCCN (DPL NO)
LC control number ENG-107245
020 ## - INTERNATIONAL STANDARD BOOK NUMBER
International Standard Book Number 9781259007347
Terms of availability 995.00
020 ## - INTERNATIONAL STANDARD BOOK NUMBER
International Standard Book Number 1259007340
Terms of availability 995.00
035 ## - SYSTEM CONTROL NUMBER
System control number EN-90778
037 ## - SOURCE OF ACQUISITION
Source of stock number/acquisition DBAD/PUB
082 ## - DEWEY DECIMAL CLASSIFICATION NUMBER
Classification number 671.3
245 ## - TITLE STATEMENT
Title Metal forming :
Statement of responsibility, etc edited by Uday Shankar Dixit [and] R.Ganesh Narayanan
Remainder of title technology and process modelling /
260 ## - PUBLICATION, DISTRIBUTION, ETC. (IMPRINT)
Place of publication, distribution, etc New Delhi
Name of publisher, distributor, etc Tata McGraw Hill
Date of publication, distribution, etc 2013
270 ## - ADDRESS
Address P-24,Green Park Extension
City New Delhi
Postal code 110006
300 ## - PHYSICAL DESCRIPTION
Extent xvi,568p.:
Dimensions 24cm(Hb)
Other physical details col,ill.
500 ## - GENERAL NOTE
General note Includes bibliographical references and index
700 ## - ADDED ENTRY--PERSONAL NAME
Dates associated with a name Dixit, Uday Shankar
700 ## - ADDED ENTRY--PERSONAL NAME
Dates associated with a name Ganesh Narayanan, R.
942 ## - ADDED ENTRY ELEMENTS (KOHA)
Source of classification or shelving scheme Dewey Decimal Classification
Item type English Books
Call number suffix DIX
Classification part 671.3
Holdings
Withdrawn status Lost status Not for loan Collection code Home library Current library Date acquired Source of acquisition Cost, normal purchase price Full call number Barcode Copy number Cost, replacement price Koha item type
    Not For Loan Non-fiction D.B.Act.Division D.B.Act.Division 27/05/2013 DBAD / PUB 995.00 671.3 DIX EN-90778 1 995.00 English Books

© Delhi Public Library
Hit Counter
free hit counter